000165497 001__ 165497
000165497 005__ 20260113221442.0
000165497 0247_ $$2doi$$a10.1016/j.tmaid.2016.10.003
000165497 0248_ $$2sideral$$a144400
000165497 037__ $$aART-2016-144400
000165497 041__ $$aeng
000165497 100__ $$aJenks, N. Piper
000165497 245__ $$aDifferences in prevalence of community-associated MRSA and MSSA among U.S. and non-U.S. born populations in six New York Community Health Centers
000165497 260__ $$c2016
000165497 5060_ $$aAccess copy available to the general public$$fUnrestricted
000165497 5203_ $$aBackground
Staphylococcus aureus is the most common cause of Skin and Soft Tissue Infections (SSTIs) in the community in the United States of America. Community Health Centers (CHC) serve as primary care providers for thousands of immigrants in New York.

Methods
As part of a research collaborative, 6 New York City-area CHCs recruited patients with SSTIs. Characterization was performed in all S. aureus isolates from wounds and nasal swabs collected from patients. Statistical analysis examined the differences in wound and nasal cultures among immigrant compared to native-born patients.

Results
Wound and nasal specimens were recovered from 129 patients and tested for antibiotic susceptibility. 40 patients were immigrants from 15 different countries. Although not statistically significant, immigrants had lower rates of MRSA infections (n = 15) than did native-born participants, and immigrants showed significantly higher rates of MSSA wound cultures (n = 11) (OR = 3.5, 95% CI: 1.3, 9.7).

Conclusions
In our study, immigrants were more likely to present with SSTIs caused by MSSA than US-born patients. Immigants also reported lower frequencies of antibiotic prescription or consumption in the months prior to SSTI infection. This suggests that antibiotic resistance may vary regionally and that immigrants presenting with SSTIs may benefit from a broader range of antibiotics.
000165497 540__ $$9info:eu-repo/semantics/openAccess$$aby-nc-nd$$uhttps://creativecommons.org/licenses/by-nc-nd/4.0/deed.es
000165497 590__ $$a3.055$$b2016
000165497 591__ $$aPUBLIC, ENVIRONMENTAL & OCCUPATIONAL HEALTH$$b32 / 176 = 0.182$$c2016$$dQ1$$eT1
000165497 591__ $$aINFECTIOUS DISEASES$$b33 / 84 = 0.393$$c2016$$dQ2$$eT2
000165497 592__ $$a0.997$$b2016
000165497 593__ $$aPublic Health, Environmental and Occupational Health$$c2016$$dQ1
000165497 593__ $$aInfectious Diseases$$c2016$$dQ2
000165497 655_4 $$ainfo:eu-repo/semantics/article$$vinfo:eu-repo/semantics/acceptedVersion
000165497 700__ $$0(orcid)0000-0002-3273-6392$$aPardos de la Gandara, M.
000165497 700__ $$aD'Orazio, B. M.
000165497 700__ $$aCorrea da Rosa, J.
000165497 700__ $$aKost, R.G.
000165497 700__ $$aKhalida, C.
000165497 700__ $$aVasquez, K.S.
000165497 700__ $$aCoffran, C.
000165497 700__ $$aPastagia, M.
000165497 700__ $$aEvering, T.H.
000165497 700__ $$aParola, C.
000165497 700__ $$aUrban, T.
000165497 700__ $$aSalvato, S.
000165497 700__ $$aBarsanti, F.
000165497 700__ $$aCotter, B. S.
000165497 700__ $$aTobin, J.N.
000165497 773__ $$g14, 6 (2016), 551-560$$pTRAVEL MEDICINE AND INFECTIOUS DISEASE$$tTRAVEL MEDICINE AND INFECTIOUS DISEASE$$x1477-8939
000165497 8564_ $$s730254$$uhttps://zaguan.unizar.es/record/165497/files/texto_completo.pdf$$yPostprint
000165497 8564_ $$s2273074$$uhttps://zaguan.unizar.es/record/165497/files/texto_completo.jpg?subformat=icon$$xicon$$yPostprint
000165497 909CO $$ooai:zaguan.unizar.es:165497$$particulos$$pdriver
000165497 951__ $$a2026-01-13-22:10:28
000165497 980__ $$aARTICLE